| 000 | 00428nam a2200157 i 4500 | ||
|---|---|---|---|
| 001 | 33889 | ||
| 003 | ES-MaACL | ||
| 005 | 20230906154834.0 | ||
| 007 | t| | ||
| 008 | 030203s1948 sp ||||1| spa d | ||
| 100 | 1 |
_aBlas, Luis. _929345 |
|
| 245 | 1 | 0 |
_aQuímica de los plásticos / _cLuis Blas. |
| 260 |
_aMadrid : _bM. Aguilar, _c1948 ( _fNuevas Gráficas) |
||
| 300 |
_a318 p. ; _c18 cm. |
||
| 852 |
_aES-MaACL _jC-5169 _bR.25955 |
||
| 999 |
_c33889 _d33889 |
||